[Event "Aeroflot Open A 2018"]
[Site "Moscow RUS"]
[Date "2018.02.20"]
[Round "1.1"]
[White "Vavulin, Maksim"]
[Black "Fedoseev, Vladimir3"]
[Result "1/2-1/2"]
[WhiteTitle "IM"]
[BlackTitle "GM"]
[WhiteElo "2575"]
[BlackElo "2724"]
[WhiteFideId "4169530"]
[BlackFideId "24130737"]
[EventDate "2018.02.20"]

1. e4 e5 2. Nf3 Nf6 3. Nxe5 d6 4. Nf3 Nxe4 5. c4 d5 6. cxd5 Qxd5 7. Be2 Bd6 8.
Nc3 Nxc3 9. dxc3 Qxd1+ 10. Bxd1 O-O 11. Be3 Nc6 12. Bc2 h6 13. O-O-O Be6 14. Kb1
a5 15. h3 Rae8 16. Rhe1 Re7 17. Rd2 f5 18. Rdd1 f4 19. Bc1 Rfe8 20. Rxe6 Rxe6
21. Bb3 Kf8 22. Bxe6 Rxe6 23. Re1 Rg6 24. Nh4 Rf6 25. Nf3 Kf7 26. Kc2 Rg6 27.
Nh4 Re6 28. Rxe6 Kxe6 29. Kd3 Ne5+ 30. Ke4 Nf7 31. Nf3 g5 32. Nd4+ Kf6 33. Nf5
Bc5 34. g3 Bxf2 35. gxf4 h5 36. Be3 Bxe3 37. Nxe3 Nd6+ 38. Kf3 c6 39. b3 Kg6 40.
Nd1 Nb5 41. Kg3 Kf6 42. fxg5+ Kxg5 43. h4+ Kf5 44. Kf3 Ke5 45. Nb2 Nxc3 46. Nc4+
Kd5 47. Nxa5 b6 48. Nc4 b5 49. Nb6+ Kc5 50. Nd7+ Kd6 51. Nf6 Nxa2 52. Nxh5 Nc1
53. b4 Nd3 54. Ke4 Nxb4 55. Ng3 Nd5 56. h5 Nf6+ 57. Kd3 Ng4 58. Ke4 Nh6 59. Ne2
Kc5 60. Nd4 Nf7 61. Kd3 Kd5 62. Nc2 c5 63. Kc3 Nh6 64. Kb3 Nf5 65. Kc3 Ke6 66.
Kd3 Kd6 67. Na3 Kc6 68. Nc2 Kd5 69. Kc3 Ke5 70. Kd3 Ke6 71. Na3 b4 72. Nc4 Kd5
73. Nd2 Nh6 74. Nc4 Ng4 75. Nb6+ Kc6 76. Nc4 Kb5 77. Nd6+ Kb6 78. Kc4 Kc6 79.
Nf7 1/2-1/2

[Event "Aeroflot Open A 2018"]
[Site "Moscow RUS"]
[Date "2018.02.20"]
[Round "1.3"]
[White "Esipenko, Andrey"]
[Black "Andreikin, Dmitry"]
[Result "1/2-1/2"]
[WhiteTitle "FM"]
[BlackTitle "GM"]
[WhiteElo "2571"]
[BlackElo "2712"]
[WhiteFideId "24175439"]
[BlackFideId "4158814"]
[EventDate "2018.02.20"]

1. d4 Nf6 2. c4 e6 3. Nf3 d5 4. Nc3 c5 5. cxd5 Nxd5 6. e4 Nxc3 7. bxc3 cxd4 8.
cxd4 Bb4+ 9. Bd2 Bxd2+ 10. Qxd2 O-O 11. Bc4 Nd7 12. O-O b6 13. a4 Bb7 14. Bd3 h6
15. Rfe1 Nf6 16. Qb4 Qc7 17. Rac1 Qf4 18. Qd2 Qxd2 19. Nxd2 Rfd8 20. Nb3 a5 21.
f3 Ne8 22. Kf2 Rac8 23. Ke3 Bc6 24. Ra1 Nd6 25. Reb1 Be8 26. Nd2 Rb8 27. g4 f6
28. f4 e5 29. fxe5 fxe5 30. dxe5 Nf7 31. Bc4 Kf8 32. Nf3 Rdc8 33. Rc1 Bxa4 34.
Rxa4 b5 35. Rxa5 bxc4 36. Nd4 c3 37. Kd3 Ra8 38. Rd5 Ra3 39. Rc2 Re8 40. Nf3 Ra6
41. Rxc3 Rg6 42. h3 h5 43. Nh4 Rh6 44. gxh5 Rxh5 45. Ng6+ Kg8 46. Kd4 Ng5 47.
Nf4 Rh4 48. Rg3 Rxf4 49. Rxg5 Rh4 50. Rd7 Kh8 51. Rg3 Ra8 52. Rc3 Kg8 53. e6
Ra4+ 54. Rc4 Rxc4+ 55. Kxc4 Kf8 56. Kd5 Rxh3 57. Rf7+ Ke8 58. Rxg7 Rd3+ 59. Ke5
Ra3 60. Rg8+ Ke7 61. Rg7+ Ke8 62. Rc7 Ra1 63. Rc5 Ke7 64. Rd5 Ra2 65. Rd7+ 1/2-1/2

[Event "Aeroflot Open A 2018"]
[Site "Moscow RUS"]
[Date "2018.02.20"]
[Round "1.4"]
[White "Mamedov, Rauf"]
[Black "Petrosyan, Manuel"]
[Result "0-1"]
[WhiteTitle "GM"]
[BlackTitle "GM"]
[WhiteElo "2709"]
[BlackElo "2569"]
[WhiteFideId "13401653"]
[BlackFideId "13300857"]
[EventDate "2018.02.20"]

1. e4 e5 2. Nf3 Nc6 3. Bb5 Nf6 4. d3 Bc5 5. c3 O-O 6. O-O Re8 7. Bg5 h6 8. Bh4
a6 9. Bc4 Be7 10. a4 d5 11. exd5 Nxd5 12. Bg3 Bg4 13. a5 Bg5 14. Qb3 Bxf3 15.
gxf3 Nce7 16. Re1 Qd7 17. Rxe5 c6 18. Na3 Ng6 19. Bxd5 Rxe5 20. Be4 Nf4 21. Kh1
Rxa5 22. d4 Re8 23. Rg1 Nh3 24. Re1 Bf4 25. Nc4 Rh5 26. Ne5 Nxf2+ 27. Kg2 Bxe5
28. dxe5 Nxe4 29. Rxe4 Qd2+ 30. Kg1 Rd8 31. Qxb7 Qd1+ 32. Re1 Qxf3 33. Rf1 Qe3+
34. Kh1 Rf5 0-1

[Event "Aeroflot Open A 2018"]
[Site "Moscow RUS"]
[Date "2018.02.20"]
[Round "1.5"]
[White "Chigaev, Maksim"]
[Black "Matlakov, Maxim"]
[Result "0-1"]
[WhiteTitle "GM"]
[BlackTitle "GM"]
[WhiteElo "2560"]
[BlackElo "2709"]
[WhiteFideId "4108116"]
[BlackFideId "4168003"]
[EventDate "2018.02.20"]

1. e4 e5 2. Nf3 Nc6 3. Bb5 a6 4. Ba4 Nf6 5. O-O Be7 6. Re1 b5 7. Bb3 d6 8. c3
O-O 9. h3 Re8 10. d4 Bb7 11. Ng5 Rf8 12. Nf3 Re8 13. Nbd2 Bf8 14. a3 h6 15. Ba2
Qd7 16. Qc2 a5 17. b3 Nh5 18. Nf1 Ne7 19. d5 c6 20. c4 cxd5 21. cxd5 f5 22. exf5
b4 23. Bb1 Nxd5 24. axb4 axb4 25. Rxa8 Bxa8 26. Qc4 Rc8 27. Qg4 Nhf6 28. Qh4 Nc3
29. Bc2 Bxf3 30. gxf3 Nb5 31. Bb1 Nd4 32. Nd2 Nxf5 33. Qxb4 Nd4 34. Kh2 d5 35.
Qa4 Qb7 36. Rxe5 Bb4 37. Ba3 Nc6 38. Bxb4 Ra8 0-1

[Event "Aeroflot Open A 2018"]
[Site "Moscow RUS"]
[Date "2018.02.20"]
[Round "1.6"]
[White "Artemiev, Vladislav"]
[Black "Pichot, Alan"]
[Result "1-0"]
[WhiteTitle "GM"]
[BlackTitle "GM"]
[WhiteElo "2697"]
[BlackElo "2552"]
[WhiteFideId "24101605"]
[BlackFideId "110973"]
[EventDate "2018.02.20"]

1. e4 c5 2. Nf3 e6 3. d3 Nc6 4. g3 Nf6 5. Bg2 d5 6. Qe2 Be7 7. O-O O-O 8. e5 Nd7
9. c4 b5 10. cxb5 Na5 11. Nc3 a6 12. Bf4 axb5 13. Nxb5 Ba6 14. Nc3 Nc6 15. h4
Qb6 16. b3 Rfe8 17. Rac1 Qa5 18. Rfd1 Nd4 19. Qd2 Bf8 20. Na4 Nxf3+ 21. Bxf3
Qxd2 22. Rxd2 Reb8 23. Bg2 Rb4 24. Rdd1 Bb5 25. Nc3 Bc6 26. Rc2 g6 27. Ne2 Bb5
28. Nc1 Ba6 29. Be3 Nxe5 30. Bxc5 Rbb8 31. Bxf8 Kxf8 32. d4 Nd7 33. Bf1 Rb4 34.
Rc6 Bb7 35. Rc7 Ke8 36. Nd3 Rb6 37. Nc5 Bc8 38. Rd2 Kd8 39. Nxd7 Bxd7 40. Rc5 h6
41. f4 Ke7 42. Kf2 g5 43. Ke3 Kd6 44. Rcc2 Rg8 45. Rg2 Rb4 46. Bd3 f6 47. Rcf2
e5 48. hxg5 exd4+ 49. Kd2 hxg5 50. fxg5 fxg5 51. Rf6+ Kc7 52. Rh2 Rbb8 53. Rf7
Rbf8 54. Rfh7 Kd6 55. R7h6+ Kc7 56. Be2 Ra8 57. a4 Rgb8 58. Bd1 Bf5 59. Rf6 Be4
60. Rhh6 Rf8 61. Rc6+ Kb7 62. Rb6+ Ka7 63. Ra6+ Kb7 64. Rhb6+ Kc7 65. Rc6+ Kb7
66. Rab6+ Ka7 67. a5 Rfc8 68. Re6 Re8 69. Ra6+ Kb7 70. Reb6+ Kc7 71. Rc6+ Kd7
72. Bg4+ Ke7 73. Rc7+ Kf8 74. Rf6+ Kg8 75. Be6+ 1-0

[Event "Aeroflot Open A 2018"]
[Site "Moscow RUS"]
[Date "2018.02.20"]
[Round "1.8"]
[White "Najer, Evgeniy"]
[Black "Xu, Xiangyu"]
[Result "1/2-1/2"]
[WhiteTitle "GM"]
[BlackTitle "GM"]
[WhiteElo "2683"]
[BlackElo "2545"]
[WhiteFideId "4118987"]
[BlackFideId "8608288"]
[EventDate "2018.02.20"]

1. c4 e6 2. Nc3 d5 3. d4 Nf6 4. cxd5 exd5 5. Bg5 c6 6. e3 Bf5 7. Qf3 Be6 8. Bxf6
Qxf6 9. Qxf6 gxf6 10. Bd3 Nd7 11. Nf3 a5 12. O-O a4 13. a3 Ra5 14. Nh4 Kd8 15.
Ne2 Nb6 16. Rac1 Nc8 17. Ng3 Nd6 18. Rc3 Nc4 19. Rc2 Rb5 20. Bxc4 dxc4 21. e4 c3
22. Rxc3 Rxb2 23. d5 Bd7 24. dxc6 Bxc6 25. Nhf5 Rb3 26. Rxb3 axb3 27. Rb1 Bxa3
28. Rxb3 Bc5 29. Nd4 Bxd4 30. Rd3 Kc7 31. Rxd4 Ra8 32. Kf1 Kb6 33. Rd1 Kc5 34.
Rc1+ Kb4 35. Ke2 Ra3 36. Kd2 Ra2+ 37. Ke3 Ra3+ 38. Kd4 Bb5 39. Rb1+ Ka5 40. Kc5
b6+ 41. Kd6 Bd3 42. Rb2 b5 43. f3 b4 44. Nf5 Kb5 45. Ke7 Kc5 46. Kxf7 b3 47.
Kxf6 Kc4 48. e5 Kc3 49. Rxb3+ Rxb3 50. e6 Rb6 51. f4 Bc4 52. Ng7 Kd4 53. f5 Ke4
54. g4 Kf4 55. h3 Kg3 56. Ke5 Kxh3 57. f6 Bxe6 58. Nxe6 Kxg4 59. f7 Rb5+ 60. Ke4 1/2-1/2

[Event "Aeroflot Open A 2018"]
[Site "Moscow RUS"]
[Date "2018.02.20"]
[Round "1.10"]
[White "Sargissian, Gabriel"]
[Black "Xu, Yinglun"]
[Result "1/2-1/2"]
[WhiteTitle "GM"]
[BlackTitle "GM"]
[WhiteElo "2677"]
[BlackElo "2538"]
[WhiteFideId "13300881"]
[BlackFideId "8604940"]
[EventDate "2018.02.20"]

1. c4 e6 2. g3 Nf6 3. Bg2 d5 4. Nf3 dxc4 5. Qa4+ c6 6. Qxc4 b5 7. Qc2 Bb7 8. a4
a6 9. Nc3 Nbd7 10. O-O Be7 11. d3 O-O 12. e4 h6 13. h3 Rc8 14. Rd1 Qb6 15. Be3
c5 16. axb5 axb5 17. b4 Qc6 18. Qb1 cxb4 19. Na2 e5 20. Nxb4 Qe6 21. Ra7 Rb8 22.
Qb2 Qd6 23. Rb1 Rfc8 24. d4 Bxe4 25. dxe5 Qxb4 26. Qxb4 Bxb4 27. Rxb4 Bxf3 28.
exf6 1/2-1/2

[Event "Aeroflot Open A 2018"]
[Site "Moscow RUS"]
[Date "2018.02.20"]
[Round "1.11"]
[White "Nihal, Sarin"]
[Black "Sasikiran, Krishnan"]
[Result "1/2-1/2"]
[WhiteTitle "IM"]
[BlackTitle "GM"]
[WhiteElo "2532"]
[BlackElo "2671"]
[WhiteFideId "25092340"]
[BlackFideId "5004985"]
[EventDate "2018.02.20"]

1. d4 Nf6 2. c4 g6 3. g3 c6 4. Nf3 Bg7 5. Bg2 d5 6. Qb3 O-O 7. O-O dxc4 8. Qxc4
Bf5 9. Nc3 Nbd7 10. e3 Ne4 11. Nh4 Be6 12. Qe2 Nxc3 13. bxc3 Qa5 14. Qc2 Bc4 15.
Re1 Rac8 16. a4 c5 17. Bd2 b6 18. f4 e6 19. Nf3 Qa6 20. Qb1 Rfd8 21. g4 Bd3 22.
Bf1 Bxf1 23. Rxf1 cxd4 24. cxd4 Nf6 25. g5 Ne8 26. Kf2 Nd6 27. Bb4 Nf5 28. Qb3
Qb7 29. Qd3 Qc6 30. Bd2 Nd6 31. Rfc1 Qd5 32. Ke2 h6 33. h4 Ne4 34. Qb5 Qb7 35.
Qd3 Ng3+ 36. Kf2 Ne4+ 37. Ke2 Nc5 38. Qb5 a6 39. Qb1 Ne4 40. Qd3 Ng3+ 41. Kf2
Ne4+ 42. Ke2 h5 43. Rab1 Ng3+ 44. Kf2 Ne4+ 45. Ke2 Bf8 46. Be1 Bd6 47. Rc4 Rxc4
48. Qxc4 Rb8 49. Rc1 Ba3 50. Rc2 b5 51. Qc6 b4 52. Qxb7 Rxb7 53. Rc8+ Kg7 54.
Nd2 Nxd2 55. Bxd2 f5 56. Bc1 Bxc1 57. Rxc1 b3 58. Kd3 a5 1/2-1/2

[Event "Aeroflot Open A 2018"]
[Site "Moscow RUS"]
[Date "2018.02.20"]
[Round "1.12"]
[White "Korobov, Anton"]
[Black "Lomasov, Semen"]
[Result "1-0"]
[WhiteTitle "GM"]
[BlackTitle "IM"]
[WhiteElo "2664"]
[BlackElo "2530"]
[WhiteFideId "14105730"]
[BlackFideId "24164879"]
[EventDate "2018.02.20"]

1. d4 Nf6 2. Nf3 e6 3. c4 b6 4. g3 Bb7 5. Bg2 Be7 6. O-O O-O 7. Nc3 Ne4 8. Bd2
Bf6 9. Rc1 Nxd2 10. Qxd2 d6 11. d5 e5 12. h4 Nd7 13. Bh3 a5 14. e4 Nc5 15. Kg2
Bc8 16. Bxc8 Qxc8 17. Qe2 Qg4 18. b3 Bd8 19. Rh1 h5 20. Qe3 f5 21. exf5 Rxf5 22.
Nd2 g5 23. f3 Qd4 24. Qxd4 exd4 25. Nb5 d3 26. hxg5 Bxg5 27. f4 Re8 28. Rce1
Rxe1 29. Rxe1 Bd8 30. Kf3 Rf8 31. Ne4 h4 32. Nxc5 bxc5 33. gxh4 d2 34. Rg1+ Kh8
35. Rd1 Bxh4 36. Rxd2 Bg5 37. Kg4 Bh6 38. Rf2 Rf7 39. Na7 Rg7+ 40. Kf5 Kg8 41.
Nc6 Rf7+ 42. Ke6 Kf8 43. f5 Ke8 44. f6 1-0

[Event "Aeroflot Open A 2018"]
[Site "Moscow RUS"]
[Date "2018.02.20"]
[Round "1.13"]
[White "Triapishko, Alexandr"]
[Black "Piorun, Kacper"]
[Result "0-1"]
[WhiteTitle "IM"]
[BlackTitle "GM"]
[WhiteElo "2530"]
[BlackElo "2659"]
[WhiteFideId "14122286"]
[BlackFideId "1130420"]
[EventDate "2018.02.20"]

1. e4 e5 2. Nf3 Nc6 3. Bb5 a6 4. Ba4 Nf6 5. O-O Be7 6. d3 b5 7. Bb3 d6 8. a3 O-O
9. Nc3 h6 10. Nd5 Nxd5 11. Bxd5 Bd7 12. c3 Rb8 13. b4 Bf6 14. Be3 Qe8 15. d4 Ne7
16. Bb3 Ng6 17. Re1 Be6 18. Rc1 a5 19. dxe5 Bxe5 20. Nd4 Bxb3 21. Qxb3 c5 22.
Nf5 Qe6 23. Qb1 axb4 24. axb4 Rfc8 25. g3 Bf6 26. f4 cxb4 27. cxb4 Rxc1 28. Rxc1
Re8 29. Qd3 Qxe4 30. Qxb5 d5 31. Rd1 Rd8 32. Qd3 Qxb4 33. Rb1 Qa4 34. Bb6 Rb8
35. Qxd5 Bd8 36. Qd6 Bxb6+ 37. Rxb6 Rxb6 38. Nxh6+ Kh7 39. Qxb6 Qd1+ 40. Kg2
Qd5+ 41. Kg1 Kxh6 42. Qe3 Kh7 43. Qe2 Nf8 44. Qe7 Kg8 45. Qe8 g6 46. Qc8 Qd4+
47. Kg2 Kg7 48. Qb8 Nd7 49. Qd8 Qe4+ 50. Kg1 Nc5 51. Qa5 Qd4+ 52. Kg2 Nd3 53.
Kf3 Qf2+ 54. Ke4 Nc5+ 55. Kd5 Nd7 56. Kd6 Nf6 57. Qe5 Qb6+ 58. Ke7 Qc6 0-1

[Event "Aeroflot Open A 2018"]
[Site "Moscow RUS"]
[Date "2018.02.20"]
[Round "1.14"]
[White "Sjugirov, Sanan"]
[Black "Kotronias, Vasilios"]
[Result "1-0"]
[WhiteTitle "GM"]
[BlackTitle "GM"]
[WhiteElo "2652"]
[BlackElo "2529"]
[WhiteFideId "4189302"]
[BlackFideId "5900212"]
[EventDate "2018.02.20"]

1. d4 d5 2. c4 Nc6 3. cxd5 Qxd5 4. e3 e5 5. Nc3 Bb4 6. a3 Bxc3+ 7. bxc3 Nf6 8.
c4 Qd8 9. d5 Ne7 10. Bb2 c6 11. Bxe5 Ne4 12. Nf3 Qa5+ 13. Nd2 cxd5 14. cxd5 Nxd5
15. Bxg7 Rg8 16. Bd4 Bf5 17. f3 Ndc3 18. Qc1 Rc8 19. fxe4 Bxe4 20. Qb2 Rxg2 21.
Bxg2 Bxg2 22. Rg1 1-0

[Event "Aeroflot Open A 2018"]
[Site "Moscow RUS"]
[Date "2018.02.20"]
[Round "1.15"]
[White "Sychev, Klementy"]
[Black "Sethuraman, S.P."]
[Result "0-1"]
[WhiteTitle "IM"]
[BlackTitle "GM"]
[WhiteElo "2529"]
[BlackElo "2646"]
[WhiteFideId "4114060"]
[BlackFideId "5021596"]
[EventDate "2018.02.20"]

1. e4 e5 2. Nf3 Nc6 3. Bb5 a6 4. Ba4 Nf6 5. O-O Bc5 6. c3 b5 7. Bb3 d6 8. d4 Ba7
9. a4 O-O 10. Bg5 h6 11. Bh4 exd4 12. axb5 axb5 13. cxd4 g5 14. Nxg5 hxg5 15.
Bxg5 Bg4 16. Qd3 Bxd4 17. Rxa8 Qxa8 18. Qg3 Nxe4 19. Qxg4 Nxg5 20. Qxg5+ Bg7 21.
Nc3 Qd8 22. Qxb5 Nd4 23. Qc4 c6 24. Bd1 Qb8 25. Na4 Re8 26. b3 d5 27. Qc5 Qf4
28. g3 Qd2 29. Kg2 Re1 30. Rxe1 Qxe1 31. Bg4 Qe4+ 32. Kh3 Qb1 33. Qd6 Qf1+ 34.
Kh4 Qxf2 35. Qb8+ Kh7 36. Qf4 Qxh2+ 37. Bh3 f5 38. Qf1 Kg6 0-1

[Event "Aeroflot Open A 2018"]
[Site "Moscow RUS"]
[Date "2018.02.20"]
[Round "1.16"]
[White "Kovalev, Vladislav"]
[Black "Tran, Tuan Minh"]
[Result "1-0"]
[WhiteTitle "GM"]
[BlackTitle "GM"]
[WhiteElo "2641"]
[BlackElo "2522"]
[WhiteFideId "13504398"]
[BlackFideId "12401820"]
[EventDate "2018.02.20"]

1. e4 c5 2. Nf3 d6 3. d4 cxd4 4. Qxd4 Nc6 5. Bb5 Bd7 6. Qd3 g6 7. c4 Bg7 8. Nc3
Nf6 9. O-O O-O 10. Bxc6 Bxc6 11. Nd4 Rc8 12. Rd1 a6 13. f3 Nd7 14. Qe2 Nc5 15.
Be3 Na4 16. Nxa4 Bxa4 17. b3 Bd7 18. Rac1 Qa5 19. a4 Rc7 20. Qf2 Qb4 21. Rd3
Rcc8 22. Nc2 Qa5 23. Bb6 Qg5 24. f4 Qf6 25. e5 Qf5 26. Rcd1 Bc6 27. Ne3 Qh5 28.
exd6 exd6 29. Bd4 Bxd4 30. Rxd4 Rfe8 31. Rxd6 Rc7 32. h3 Qc5 33. Ng4 Qxf2+ 34.
Kxf2 Kg7 35. Nf6 Ree7 36. g4 b5 37. g5 1-0

[Event "Aeroflot Open A 2018"]
[Site "Moscow RUS"]
[Date "2018.02.20"]
[Round "1.17"]
[White "Yuffa, Daniil"]
[Black "Bluebaum, Matthias"]
[Result "1/2-1/2"]
[WhiteTitle "GM"]
[BlackTitle "GM"]
[WhiteElo "2521"]
[BlackElo "2635"]
[WhiteFideId "24131423"]
[BlackFideId "24651516"]
[EventDate "2018.02.20"]

1. e4 e6 2. d4 d5 3. Bd3 dxe4 4. Bxe4 Nf6 5. Bf3 c5 6. Ne2 Be7 7. Nbc3 Qa5 8.
Bd2 cxd4 9. Nxd4 Qe5+ 10. Be3 O-O 11. Qd2 a6 12. O-O-O Qc7 13. g4 Rd8 14. g5 Ne8
15. Qe2 Bd7 16. h4 Nc6 17. h5 Nxd4 18. Rxd4 Bc6 19. Rg4 Bxf3 20. Qxf3 Rac8 21.
g6 Bf6 22. Bg5 Bxg5+ 23. Rxg5 h6 24. Re5 Nf6 25. Rhe1 Rd6 26. a3 Rc6 27. Kb1 Rd8
28. R5e2 Rcd6 29. Re5 Rf8 30. Qg3 Rd2 31. Qe3 Rd6 32. Qg3 Rd2 33. Qe3 Rd6 34.
Qg3 1/2-1/2

[Event "Aeroflot Open A 2018"]
[Site "Moscow RUS"]
[Date "2018.02.20"]
[Round "1.18"]
[White "Mareco, Sandro"]
[Black "Abdusattorov, Nodirbek"]
[Result "1/2-1/2"]
[WhiteTitle "GM"]
[BlackTitle "IM"]
[WhiteElo "2632"]
[BlackElo "2516"]
[WhiteFideId "112275"]
[BlackFideId "14204118"]
[EventDate "2018.02.20"]

1. c4 Nf6 2. Nf3 e6 3. g3 d5 4. Bg2 dxc4 5. O-O a6 6. Qc2 b5 7. Ne1 Nd5 8. d3
cxd3 9. Nxd3 Bb7 10. Nc3 Nd7 11. Nxd5 exd5 12. Rd1 Bd6 13. Bf4 Qe7 14. Rac1 O-O
15. Bxd6 cxd6 16. Qc7 Rab8 17. Bh3 f5 18. Bg2 Rfe8 19. Nf4 Nf6 20. e3 Qxc7 21.
Rxc7 Rec8 22. Rdc1 Ne8 23. Bxd5+ Kh8 24. R7c3 b4 25. Rc4 Rxc4 26. Rxc4 Bxd5 27.
Nxd5 a5 28. Kf1 g6 29. Ke2 Rb5 30. Nf4 Kg8 31. Rc8 Kf7 32. Kd3 Nf6 33. Rc7+ Kg8
34. f3 Re5 35. Rc6 g5 36. Ne2 Nd5 37. Rxd6 Nxe3 38. f4 gxf4 39. gxf4 Re8 40. Ng3
Ng2 41. Rd4 Re3+ 42. Kc4 Rf3 43. Kb5 1/2-1/2

[Event "Aeroflot Open A 2018"]
[Site "Moscow RUS"]
[Date "2018.02.20"]
[Round "1.19"]
[White "Repka, Christopher"]
[Black "Gordievsky, Dmitry"]
[Result "1/2-1/2"]
[WhiteTitle "IM"]
[BlackTitle "GM"]
[WhiteElo "2513"]
[BlackElo "2630"]
[WhiteFideId "14918781"]
[BlackFideId "24112798"]
[EventDate "2018.02.20"]

1. Nf3 Nf6 2. c4 g6 3. g3 Bg7 4. Bg2 d5 5. cxd5 Nxd5 6. d4 Nb6 7. Nc3 Nc6 8. O-O
Nxd4 9. Nxd4 Qxd4 10. a4 Qxd1 11. Rxd1 Bxc3 12. bxc3 a5 13. Bf4 c6 14. Bc7 Nd7
15. Bh3 f5 16. e4 O-O 17. exf5 Nf6 18. Be5 Bxf5 19. Bxf5 gxf5 20. Rab1 b5 21.
axb5 cxb5 22. Rxb5 a4 23. Rb7 Kf7 24. c4 a3 25. c5 Rfc8 26. Bxf6 Kxf6 27. Rb6+ 1/2-1/2

[Event "Aeroflot Open A 2018"]
[Site "Moscow RUS"]
[Date "2018.02.20"]
[Round "1.20"]
[White "Zvjaginsev, Vadim"]
[Black "Sorokin, Aleksey"]
[Result "1/2-1/2"]
[WhiteTitle "GM"]
[BlackTitle "FM"]
[WhiteElo "2629"]
[BlackElo "2511"]
[WhiteFideId "4113403"]
[BlackFideId "24176460"]
[EventDate "2018.02.20"]

1. g3 c5 2. Bg2 Nc6 3. e4 g6 4. Ne2 Bg7 5. O-O e6 6. c3 Nge7 7. d4 cxd4 8. Nxd4
O-O 9. Be3 d5 10. exd5 exd5 11. Na3 Be6 12. Nac2 Qd7 13. Nxe6 fxe6 14. Bc5 b6
15. Ba3 Rfe8 16. c4 Rad8 17. Re1 Kh8 18. Qe2 Ne5 19. cxd5 Nxd5 20. Rad1 Nc6 21.
Qb5 Qc8 22. Rc1 a6 23. Qf1 Qb7 24. Ne3 Nd4 25. Nxd5 exd5 26. Qd3 a5 27. b3 Qd7
28. Bb2 Rxe1+ 29. Rxe1 Qf5 30. Qe3 Nf3+ 31. Qxf3 Bxb2 32. Qxf5 gxf5 33. Bf1 f4
34. Kg2 fxg3 35. hxg3 Ba3 36. Bd3 Rd7 37. Rh1 Bc5 38. Rh5 Rf7 39. f4 d4 40. Kf3
Re7 41. Be4 Rd7 42. Bd3 Re7 43. Kg4 Rg7+ 44. Kh3 Re7 45. Kh4 Bb4 46. Rd5 Be1 47.
Rd8+ Kg7 48. Rxd4 Re3 49. Kg5 Rxg3+ 50. Kf5 Kf8 51. Bb5 Bb4 52. Rd8+ Kg7 53. Bc4
Rg6 54. Rd7+ Kh8 55. Be6 Bc3 56. Rd6 b5 57. Ke4 Kg7 58. Rd7+ Kf6 59. Rxh7 Rg2
60. Bd7 b4 61. Rh6+ Ke7 62. Ba4 Rxa2 63. Ra6 Re2+ 64. Kf5 Rh2 65. Kg4 Bd2 66.
Rxa5 Rf2 67. Rf5 Rg2+ 68. Kf3 Rh2 69. Rd5 Ke6 70. Rd8 Bc3 71. Bb5 Rd2 72. Bc4+
Ke7 73. Rb8 Rd6 74. Rb7+ Rd7 75. Rb5 Rd6 76. Rh5 Kf6 77. Rh6+ Ke7 78. Rh7+ Kf6
79. Kg4 Rd4 80. Rh6+ Ke7 81. Re6+ Kf8 82. Re3 Bd2 83. Rf3 Ke7 84. Kf5 Kd6 85.
Rf1 Kc5 86. Ke5 Bc3 87. Ke6 Rxc4 1/2-1/2

[Event "Aeroflot Open A 2018"]
[Site "Moscow RUS"]
[Date "2018.02.20"]
[Round "1.21"]
[White "Aryan, Chopra"]
[Black "Zhigalko, Sergei"]
[Result "1/2-1/2"]
[WhiteTitle "GM"]
[BlackTitle "GM"]
[WhiteElo "2509"]
[BlackElo "2625"]
[WhiteFideId "5084423"]
[BlackFideId "13502956"]
[EventDate "2018.02.20"]

1. e4 e5 2. Nf3 Nc6 3. d4 exd4 4. Nxd4 Bc5 5. Nb3 Bb6 6. Nc3 Nf6 7. Bg5 h6 8.
Bh4 d6 9. f3 g5 10. Bg3 Be6 11. Bb5 O-O 12. Qe2 Nd4 13. Nxd4 Bxd4 14. Qd3 Be5
15. O-O-O c6 16. Bc4 Qe7 17. Bxe6 fxe6 18. Bxe5 dxe5 19. Qe3 Kh7 20. Rd2 g4 21.
Rhd1 Rf7 22. Ne2 gxf3 23. gxf3 Nh5 1/2-1/2

[Event "Aeroflot Open A 2018"]
[Site "Moscow RUS"]
[Date "2018.02.20"]
[Round "1.22"]
[White "Romanov, Evgeny"]
[Black "Praggnanandhaa, R"]
[Result "1/2-1/2"]
[WhiteTitle "GM"]
[BlackTitle "IM"]
[WhiteElo "2621"]
[BlackElo "2507"]
[WhiteFideId "4148843"]
[BlackFideId "25059530"]
[EventDate "2018.02.20"]

1. c4 e5 2. g3 Nf6 3. Bg2 c6 4. Nf3 e4 5. Nd4 Qb6 6. Nb3 a5 7. d3 a4 8. N3d2 d5
9. Nc3 exd3 10. cxd5 cxd5 11. O-O Be7 12. exd3 Qa5 13. Re1 Nc6 14. Nf3 O-O 15.
Bd2 Qa6 16. Bf4 Be6 17. d4 Bb4 18. a3 Bxc3 19. bxc3 Ne4 20. Ng5 Nxg5 21. Bxg5
Qc4 22. Re3 Na5 23. Qh5 Qc8 24. Be7 Re8 25. Bb4 Nc4 26. Re2 Rd8 27. h3 h6 28. g4
Qc7 29. g5 Qf4 30. g6 fxg6 31. Qxg6 Bf7 32. Qg4 Qxg4 33. hxg4 Rd7 34. Rae1 g5
35. Kh2 Kg7 36. Kg3 Rc8 37. f4 gxf4+ 38. Kxf4 Rc6 39. Re7 Rcc7 40. Rxd7 Rxd7 41.
g5 hxg5+ 42. Kxg5 Rc7 43. Kf4 Nb2 44. Kf5 Nc4 45. Bh3 Bg6+ 46. Kg5 Nd2 47. Re7+
Rxe7 48. Bxe7 Kf7 49. Bb4 Bc2 50. Bf5 Bxf5 51. Kxf5 Nc4 52. Bc5 Ne3+ 53. Ke5 Ke8
54. Kd6 Kd8 55. Bb4 Kc8 56. Kc5 Kc7 57. Kb5 Nc4 58. Kc5 Ne3 59. Kb5 1/2-1/2

[Event "Aeroflot Open A 2018"]
[Site "Moscow RUS"]
[Date "2018.02.20"]
[Round "1.23"]
[White "Salomon, Johan"]
[Black "Aleksandrov, Aleksej"]
[Result "1/2-1/2"]
[WhiteTitle "GM"]
[BlackTitle "GM"]
[WhiteElo "2503"]
[BlackElo "2618"]
[WhiteFideId "1509500"]
[BlackFideId "13500139"]
[EventDate "2018.02.20"]

1. e4 e5 2. Nf3 Nc6 3. Bc4 Bc5 4. O-O Nf6 5. d3 d6 6. c3 h6 7. Re1 O-O 8. h3 a5
9. Nbd2 Be6 10. Bb5 Qb8 11. Nf1 Qa7 12. Re2 a4 13. Ng3 Qa5 14. Bxc6 bxc6 15. Nh4
Kh7 16. Nhf5 Ng8 17. d4 Bb6 18. Qd3 g6 19. Ne3 Qb5 20. c4 Qa6 21. d5 cxd5 22.
exd5 Bd7 23. h4 h5 24. Ne4 Kg7 25. Nc2 Bf5 26. Bg5 Rab8 27. b4 axb3 28. axb3 Qb7
29. b4 Ra8 30. Rae1 Ra2 31. Qc3 f6 32. Bc1 Rfa8 33. Kf1 Qa6 34. f3 Qa4 35. Be3
Bxe3 36. Nxe3 Rxe2 37. Rxe2 Ne7 38. c5 Qa6 39. Kf2 Ra7 40. Rc2 Bd7 41. Qd2 Nf5
42. Nxf5+ Bxf5 43. cxd6 cxd6 44. Rc6 Qa1 45. Nxd6 Ra2 46. Nxf5+ gxf5 47. Rc2
Qd4+ 48. Ke2 Rxc2 49. Qxc2 Qxd5 50. Qxf5 1/2-1/2

[Event "Aeroflot Open A 2018"]
[Site "Moscow RUS"]
[Date "2018.02.20"]
[Round "1.24"]
[White "Lysyj, Igor"]
[Black "Debashis, Das"]
[Result "1/2-1/2"]
[WhiteTitle "GM"]
[BlackTitle "GM"]
[WhiteElo "2618"]
[BlackElo "2501"]
[WhiteFideId "4150120"]
[BlackFideId "5024854"]
[EventDate "2018.02.20"]

1. d4 Nf6 2. c4 e6 3. Nf3 b6 4. g3 Ba6 5. Qc2 c5 6. d5 exd5 7. cxd5 Bb7 8. e4
Qe7 9. Bg2 Qxe4+ 10. Qxe4+ Nxe4 11. O-O Bxd5 12. Re1 f5 13. Nc3 Bc6 14. Nh4 Kf7
15. Bf4 Nxc3 16. bxc3 Bxg2 17. Kxg2 Nc6 18. Rad1 Rd8 19. Bc7 Re8 20. Rxd7+ Re7
21. Rdxe7+ Bxe7 22. Nxf5 Re8 23. Re4 Bf8 24. Kf3 Rc8 25. Bf4 Rd8 26. Ke2 1/2-1/2